| 000 | 00688nam a22002297a 4500 | ||
|---|---|---|---|
| 001 | 000568 | ||
| 003 | DO-SdBNP | ||
| 005 | 20160316141748.0 | ||
| 007 | 000568 | ||
| 008 | 150618b xxu||||| |||| 00| 0 spa d | ||
| 020 | _a9562393437 | ||
| 040 |
_aBPMSU _bspa _cBPMSU |
||
| 100 | 1 | 0 |
_a Abarca, Nureya _d1948- |
| 245 | 1 | 0 |
_aInteligencia emocional en el liderazgo / _cNureya Abarca; prólogo de Nicolás Majluf |
| 250 | _a5a ed. | ||
| 260 |
_aSantiago de Chile _bEl mercurio Aguilar _c2007 |
||
| 300 |
_a273 p. _c23 cm. |
||
| 504 | _aBibliografía: páginas 265-273 | ||
| 700 | 1 |
_aMajluf, Nicolás _d1945- _eprologuista |
|
| 942 |
_2ddc _cBK |
||
| 956 |
_2VMATEO _310 _620160313 _8BPMSU _a00151 |
||
| 999 |
_c7871 _d7871 |
||